00769 a2200169 4500003000500000005001700005040000900022082001000031100003400041245013600075260003100211300001700242505028600259538002900545650001400574651001100588Nust20170207153207.0 cNust a005.1 aAwan, Usman Aftab ( MSCS-7) aDesign and implementation of link access control/medium accesscontrol protocol of CDMA2000 on 3GPP-2 standardscUsman Aftab Awan  bMCS,NUSTc2005aRawalpindi avii, 85, p.; aIntroduction (page-1) Third generation partnership project (3GPP2) and CDMA2000 (page-5) Network architecture (page-13) CDMA2000 protocol stack model (page-21) Radio link protocol (page-30) Implementation of the protocol in software form (page-48) Analysis and conclusion (page-57) aAlmirah No 73 Shelf No 1 aPG Thesis aMSCS-7